MAC Logos - Statistics

General Stats
  • This quiz has been taken 34 times
    33 since last reset
  • The average score is 12 of 13
Answer Stats
Picture Answer % Correct
Akron
100%
Bowling Green
96%
Ball State
92%
Buffalo
92%
Eastern Michigan
92%
Kent State
92%
Miami (Ohio)
92%
Toledo
92%
Central Michigan
88%
Ohio
88%
Northern Illinois
83%
Western Michigan
75%
UMass
71%
No matching quizzes found
Score Distribution
Percent of People with Each Score
Percentile by Number Answered
Your Score History
You have not taken this quiz since the last reset